01238nam a22002771i 4500003000400000005001700004008004100021020003900062040002500101082001800126100003500144245002800179246002600207264004500233300006600278336002100344337002500365338002300390490003600413504005100449505012000500520019700620650003800817800006900855830003600924OSt20190926170533.0190923s2019 mnuao||jr|||| 001 0 eng d a9781626178489cRM 106.50qhardback aPPAKbengcPPAKerda04223a791.430271 aGreen, Sara, d1964- eauthor.00aMAKEUP /cBY SARA GREEN3 aMovie Magic :bMakeup 1aMinnetonka : bBellwether Media, c2019. a32 pages :bcolour illustrations, colour photographs ;c23 cm 2rdacontentatext 2rdamediaaunmediated 2rdacarrieravolume1 aMovie magic.Blastoff! discovery aIncludes bibliographical references and index. tMakeup marvels!tWhat is makeup? tHistory of makeuptMakeup magictMakeup and CGI tGlossarytTo learn moretIndex a"Engaging images accompany information about makeup. The combination of high-interest subject matter and narrative text is intended for students in grades 3 through 8".cProvided by publisher.10aFilm makeupvJuvenile literature.1 aGreen, Sara, d1964- eauthor.tMovie magic. Blastoff! discovery 0aMovie magic.Blastoff! discovery